| 000 | 00554nam a22001697a 4500 | ||
|---|---|---|---|
| 005 | 20151119111428.0 | ||
| 008 | 151119b xxu||||| |||| 00| 0 eng d | ||
| 050 |
_aDC130.S2 _bA188 |
||
| 100 |
_aSaint-Simon, Henri de _921137 |
||
| 245 |
_aMemoires _cby Saint-Simon, Henri de |
||
| 260 |
_aGonzague Truc _bTexte Etabli et Annote Par _c1947 |
||
| 300 |
_axxxviii, 1221p.; _c18cm. |
||
| 651 |
_aFrance _xHistory _2Louis xiv _921138 |
||
| 651 |
_aFrance _xHistory _2Regents _921138 |
||
| 651 |
_aFrance _xCourt _yto 1723 _921139 |
||
| 942 |
_2lcc _cMONOGRAPH |
||
| 999 |
_c123805 _d123805 |
||